| 000 | 00534nam a2200181Ia 4500 | ||
|---|---|---|---|
| 999 |
_c33960 _d33960 |
||
| 003 | OSt | ||
| 005 | 20200916130515.0 | ||
| 008 | 190216s9999||||xx |||||||||||||| ||und|| | ||
| 020 | _a981253072 | ||
| 040 | _coclc | ||
| 082 |
_a621.38152 _bMAY/F |
||
| 100 |
_aMay, Gary S _94618 |
||
| 245 | 0 |
_aFundamentals Of Semiconductor Fabrication / _cGary S May ; Simon M Sze |
|
| 260 |
_bWiley India, _aNew delhi : _c2004. |
||
| 300 | _a305p | ||
| 650 | _aPhysics | ||
| 942 |
_cBK _2ddc _h621.38152 _iMAY/F _k621.38152 _mMAY/F |
||